Match Point

Drama sobre el ascenso de un joven tenista a la élite de la sociedad londinense y las consecuencias de su desmesurada ambición sobre él mismo y las personas que lo rodean.

Guardado en:
Autor Principal: Allen, Woody.
Autor Corporativo: DreamWorks Pictures.
Otros Autores: Adefarasin, Remi; Fotografía., Cox, Brian; Reparto., Goode, Matthew; Reparto., Johansson, Scarlett; Reparto., Mortimer, Emily; Reparto.
Formato: Deslizar
Idioma:Undetermined
Publicado: Reino Unido : Icon Film Distribution, 2005.
Materias:
Etiquetas: Agregar Etiqueta
Sin Etiquetas, Sea el primero en etiquetar este registro!
LEADER 01089ngm a22002775a 4500
001 CEM.cems020126
008 230524s2005####xx#---############vlund#d
005 20230524201149.0
245 1 0 |a Match Point  |h [videograbación] /  |c Woody Allen. 
260 |a Reino Unido :  |b Icon Film Distribution,  |c 2005. 
300 |a 124'. 
520 |a Drama sobre el ascenso de un joven tenista a la élite de la sociedad londinense y las consecuencias de su desmesurada ambición sobre él mismo y las personas que lo rodean. 
538 |a Soporte: DVD -- Formato: DVD – Peso: 4.36gb -- Resolución: 720 x 480 -- 29.97fps 
590 |a Identificación anterior:48 
100 1 |a Allen, Woody. 
700 1 |a Adefarasin, Remi; Fotografía. 
700 1 |a Cox, Brian; Reparto. 
700 1 |a Goode, Matthew; Reparto. 
700 1 |a Johansson, Scarlett; Reparto. 
700 1 |a Mortimer, Emily; Reparto. 
710 2 |a DreamWorks Pictures. 
653 |a LARGOMETRAJE 
653 |a FICCIÓN 
653 |a DRAMA 
653 |a ROMANCE 
859 |a CEMS  |b BIB. CEMS - Depto. Recursos Didacticos  |h 778.5  |i ALL  |k DRD  |p 3006.23  |t Ej.1